000 00564nam a2200169Ia 4500
008 090201s9999 xx 000 0 und d
010 _aKPL-41009
040 _bमराठी
041 _aमराठी
082 _a31088
_b41009
100 _aपु गो गोखले
245 _aसाद सागराची
_cपु गो गोखले
260 _c2004
_bमहाराष्ट्र राज्य संस्कृती मंडळ
300 _a134
_bमोठा
600 _aसाद सागराची
942 _cBOOK
999 _c229585
_d229585